[Event "NRW Class2 1213"]
[Site "Germany"]
[Date "2013.04.07"]
[Round "8.8"]
[White "Guelsen, Taylan"]
[Black "Janyska, Dennis"]
[Result "1/2-1/2"]
[WhiteElo "2047"]
[BlackElo "1962"]
[PlyCount "58"]
[EventDate "2012.09.16"]
[EventType "team-tourn"]
[EventRounds "9"]
[EventCountry "GER"]
[SourceTitle "EXT 2017"]
[Source "ChessBase"]
[SourceDate "2016.10.25"]
[SourceVersion "1"]
[SourceVersionDate "2016.10.25"]
[SourceQuality "1"]
[WhiteTeam "Niederkassel"]
[BlackTeam "Guetersloh"]
[WhiteTeamCountry "GER"]
[BlackTeamCountry "GER"]

1. c4 Nf6 2. Nc3 c5 3. g3 e6 4. Bg2 Be7 5. Nf3 0-0 6. 0-0 a6 7. d4 cxd4 8. Nxd4 Qc7 9. Qd3 Nc6 10. b3 d6 11. Nxc6 bxc6 12. e4 a5 13. Re1 e5 14. Bb2 Nd7 15. Na4 Nb6 16. Nxb6 Qxb6 17. Rac1 f6 18. c5 dxc5 19. Qc4+ Kh8 20. Ba3 a4 21. Bxc5 Bxc5 22. Qxc5 Qxc5 23. Rxc5 axb3 24. axb3 Rb8 25. Rb1 Rb6 26. Bf1 Be6 27. Bc4 Bxc4 28. Rxc4 Rfb8 29. b4 Kg8 1/2-1/2